Dragons : (Record no. 12412)
[ view plain ]
| 000 -LEADER | |
|---|---|
| fixed length control field | 00671nam a22002297a 4500 |
| 003 - CONTROL NUMBER IDENTIFIER | |
| control field | OSt |
| 005 - DATE AND TIME OF LATEST TRANSACTION | |
| control field | 20140310182353.0 |
| 008 - FIXED-LENGTH DATA ELEMENTS--GENERAL INFORMATION | |
| fixed length control field | 131001t xxu||||| |||| 00| 0 eng d |
| 020 ## - INTERNATIONAL STANDARD BOOK NUMBER | |
| International Standard Book Number | 9780545013192 |
| 050 ## - LIBRARY OF CONGRESS CALL NUMBER | |
| Classification number | GR 830.D7 |
| Item number | .M478 2007 |
| 082 ## - DEWEY DECIMAL CLASSIFICATION NUMBER | |
| Classification number | GS 398.24 |
| Item number | M13 2007 |
| 100 ## - MAIN ENTRY--PERSONAL NAME | |
| Personal name | McCall, Gerrie |
| 9 (RLIN) | 22242 |
| 245 ## - TITLE STATEMENT | |
| Title | Dragons : |
| Remainder of title | Fearsome monsters from myth and fiction / |
| Statement of responsibility, etc | Gerrie McCall. |
| 260 ## - PUBLICATION, DISTRIBUTION, ETC. (IMPRINT) | |
| Place of publication, distribution, etc | New York : |
| Name of publisher, distributor, etc | Tangerine Press, |
| Date of publication, distribution, etc | c2007. |
| 300 ## - PHYSICAL DESCRIPTION | |
| Extent | 48 p. : |
| Other physical details | ill, ; |
| Dimensions | 21 cm. |
| 500 ## - GENERAL NOTE | |
| General note | includes index. |
| 541 ## - IMMEDIATE SOURCE OF ACQUISITION NOTE | |
| -- | 1 |
| 562 ## - COPY AND VERSION IDENTIFICATION NOTE | |
| Number of copies | 1 |
| 650 ## - SUBJECT ADDED ENTRY--TOPICAL TERM | |
| Topical term or geographic name as entry element | Animals |
| General subdivision | folklore. |
| 9 (RLIN) | 22243 |
| 650 ## - SUBJECT ADDED ENTRY--TOPICAL TERM | |
| Topical term or geographic name as entry element | Mythical animals. |
| 9 (RLIN) | 22244 |
| 942 ## - ADDED ENTRY ELEMENTS (KOHA) | |
| Source of classification or shelving scheme | Library of Congress Classification |
| Koha item type | |
| Withdrawn status | Lost status | Source of classification or shelving scheme | Damaged status | Home library | Current library | Shelving location | Date acquired | Total Checkouts | Full call number | Barcode | Date last seen | Copy number | Price effective from | Koha item type |
|---|---|---|---|---|---|---|---|---|---|---|---|---|---|---|
| Library of Congress Classification | Luxembourg Library | Luxembourg Library | Grade School Section | 10/01/2013 | GR 830.D7 .M478 2007 | 16962 | 07/27/2017 | 1 | 10/01/2013 | Books |